00337nam a2200145Ia 45000030006000000080041000060400015000471000016000622450030000782500006001082600042001143000006001565460012001620050017001740STCL150530s9999 xx 000 0 und d aSTCLcSTCL aSchildt, H. aComplete Reference Java 2 a5 bTata Macgraw hill; Delhic2006aDelhi a0 aEnglish20220125160215.0